Poetry and mysticism in Islam : The heritage of Rumi

Maulana Jalal al-Din Rumi was one of the greatest poets and mystics of the Islamic world. He was born in Balkh (Korasan) in 1207 AD and died in Konya (Turkey) in 1273 AD. This book is an examination of his spiritual and literary heritage. As Annemarie Schimmel, the recipient of the Eleventh Giorgio...

全面介绍

Đã lưu trong:
书目详细资料
格式: 图书
语言:Undetermined
出版: New York Cambridge University Press 1994
主题:
标签: 添加标签
没有标签, 成为第一个标记此记录!
Thư viện lưu trữ: Trung tâm Học liệu Trường Đại học Cần Thơ
LEADER 01300nam a2200205Ia 4500
001 CTU_166637
008 210402s9999 xx 000 0 und d
020 |c 116.00 
082 |a 297 
082 |b P743 
245 0 |a Poetry and mysticism in Islam : 
245 4 |b The heritage of Rumi 
245 0 |c Edited by Amin Banani, Richard Hovannisian, and Georges Sabagh 
260 |a New York 
260 |b Cambridge University Press 
260 |c 1994 
520 |a Maulana Jalal al-Din Rumi was one of the greatest poets and mystics of the Islamic world. He was born in Balkh (Korasan) in 1207 AD and died in Konya (Turkey) in 1273 AD. This book is an examination of his spiritual and literary heritage. As Annemarie Schimmel, the recipient of the Eleventh Giorgio Della Vida Award in Islamic Studies, has written, no other mystic and poet from the Islamic world is as well known in the West as Rumi, and she, more than any Western scholar, is his most celebrated and eloquent interpreter. The scholars whom Professor Schimmel has invited to share in her tribute have all added new dimensions to an understanding of Rumi and to his impact on the Islamic world. 
650 |a Persian poetry,Sufism,Thơ Ba Tư,Đạo Xufi 
904 |i Qhieu 
980 |a Trung tâm Học liệu Trường Đại học Cần Thơ